000 00741nam a2200217Ii 4500
003 JO-AjNU
008 230606s9999||||xx |||||||||||||| ||und||
020 _a978-0-13-530215-6
040 _aJO-AjNU
_beng
_erda
_cJO-AjNU
041 _aeng
050 1 4 _aT58.5.2020
100 3 _aStallings,William ,
_eauthor
_96735
245 0 0 _aInformation Praivacy Engineering and Privacy By Design: Understanding Privacy Threats, Technology, and Regulations Based on Standards and Best Practice
250 _a1ed
264 3 1 _aUSA: Pearson Addison Wesley, 2020
300 _a494P
336 _atext
_btxt
_2rdacontent
337 _aunmediated
_bn
_2rdamedia
338 _avolume
_bnc
_2rdacarrier
650 4 _a Digital Forensice Investigations
_96736
999 _aE3498
_c3491
_d3491